The first Americans / (Record no. 28698)
[ view plain ]
| 000 -LEADER | |
|---|---|
| fixed length control field | 00813nam a2200277 4500 |
| 001 - CONTROL NUMBER | |
| control field | 28698 |
| 003 - CONTROL NUMBER IDENTIFIER | |
| rucl marc code | BD-RjUL |
| 005 - DATE AND TIME OF LATEST TRANSACTION | |
| control field | 20211209051322.0 |
| 008 - FIXED-LENGTH DATA ELEMENTS--GENERAL INFORMATION | |
| fixed length control field | 140331s1973 nyua b 001 0 eng |
| 035 ## - SYSTEM CONTROL NUMBER | |
| System control number | (BD-RjUL)28780 |
| 040 ## - CATALOGING SOURCE | |
| Original cataloging agency | DLC |
| Transcribing agency | DLC |
| Modifying agency | DLC |
| Language of cataloging | eng |
| 041 ## - LANGUAGE CODE | |
| Language code of text/sound track or separate title | eng |
| 082 00 - DEWEY DECIMAL CLASSIFICATION NUMBER | |
| Classification number | 970.1 |
| Author mark and year | FIR 1973 |
| 100 1# - MAIN ENTRY--PERSONAL NAME | |
| Personal name | Claiborne, Robert. |
| 9 (RLIN) | 87810 |
| 245 14 - TITLE STATEMENT | |
| Title | The first Americans / |
| Statement of responsibility, etc. | by Robert Claiborne and the editors of Time-Life Books. |
| 260 ## - PUBLICATION, DISTRIBUTION, ETC. (IMPRINT) | |
| Place of publication, distribution, etc. | New York : |
| Name of publisher, distributor, etc. | Time-Life Books , |
| Date of publication, distribution, etc. | 1973 |
| 300 ## - PHYSICAL DESCRIPTION | |
| Pagination | 160 p. : |
| Illustrations | illus. (part col.) ; |
| Size | 27 cm. |
| 490 0# - SERIES STATEMENT | |
| Series statement | The Emergence of man |
| 504 ## - BIBLIOGRAPHY, ETC. NOTE | |
| Bibliography, etc | Bibliography: p. 157. |
| 650 #0 - SUBJECT ADDED ENTRY--TOPICAL TERM | |
| Topical term or geographic name as entry element | Indians of North America. |
| 9 (RLIN) | 87811 |
| Topical term or geographic name as entry element | Eskimos. |
| 9 (RLIN) | 87812 |
| 710 2# - ADDED ENTRY--CORPORATE NAME | |
| Corporate name or jurisdiction name as entry element | Time-Life Books. |
| 9 (RLIN) | 25000 |
| 942 ## - ADDED ENTRY ELEMENTS (KOHA) | |
| Source of classification or shelving scheme | Dewey Decimal Classification |
| Koha item type | Books |
| Lost status | Source of classification or shelving scheme | Damaged status | Not for loan | Collection code | Permanent Location | Current Location | Shelving location | Date acquired | Source of acquisition | Total Checkouts | Full call number | Date last seen | Copy number | Koha item type |
|---|---|---|---|---|---|---|---|---|---|---|---|---|---|---|
| Dewey Decimal Classification | Added to bundle | Non-fiction | Central Library, University of Rajshahi | Central Library, University of Rajshahi | Reading Room | 02/04/1977 | LIONS INTER.. | 970.1 FIR 1973 | 31/03/2014 | C-1 | Books |